Korea, its history, its people, and its commerce
This book introduce about outline of history, land and folk, a city of peace, costume, manners, and morals, education and crime. Korean industries, Korean scenery, mining and hunting, travelling in Korea...
Shranjeno v:
| Glavni avtor: | |
|---|---|
| Format: | Knjiga |
| Jezik: | Undetermined |
| Izdano: |
Boston
J. B. Millet Co.
1902
|
| Teme: | |
| Oznake: |
Označite
Brez oznak, prvi označite!
|
| Thư viện lưu trữ: | Trung tâm Học liệu Trường Đại học Cần Thơ |
|---|
| LEADER | 00815nam a2200205Ia 4500 | ||
|---|---|---|---|
| 001 | CTU_231940 | ||
| 008 | 210402s9999 xx 000 0 und d | ||
| 082 | |a 951.95 | ||
| 082 | |b H217/Vol.13 | ||
| 100 | |a Hamilton, Angus | ||
| 245 | 0 | |a Korea, its history, its people, and its commerce | |
| 245 | 0 | |c Angus Hamilton, Major Herbert H. Austin, Viscount Masatake Terauchi | |
| 260 | |a Boston | ||
| 260 | |b J. B. Millet Co. | ||
| 260 | |c 1902 | ||
| 520 | |a This book introduce about outline of history, land and folk, a city of peace, costume, manners, and morals, education and crime. Korean industries, Korean scenery, mining and hunting, travelling in Korea... | ||
| 650 | |a Hàn Quốc,Korea | ||
| 650 | |x Lịch sử,History | ||
| 910 | |b dqhieu | ||
| 980 | |a Trung tâm Học liệu Trường Đại học Cần Thơ | ||